| 000 | 00671nam a22002177a 4500 | ||
|---|---|---|---|
| 005 | 20191014134618.0 | ||
| 008 | 160119b xxu||||| |||| 00| 0 spa d | ||
| 041 | _aEspañol | ||
| 082 | _a1.0.3 A184a | ||
| 100 |
_aAcuña Sossa, Mildred _91520 |
||
| 245 | _aAnimación turística desde un enfoque integral: estrategias aplicables a proyectos y actividades turísticas | ||
| 260 |
_aCosta Rica _bEUNED _c2014 |
||
| 300 | _a184 páginas | ||
| 650 |
_aCOSTA RICA _956463 |
||
| 650 |
_aANIMACIÓN TURISTICA _91521 |
||
| 650 |
_aHISTORIA _943 |
||
| 650 |
_aECOANIMACIÓN _91522 |
||
| 650 |
_aANIMADOR TURISTICO _91523 |
||
| 650 |
_aTECNICAS GRUPALES _91524 |
||
| 942 | _cBK | ||
| 999 |
_c7424 _d7424 |
||